Crazy Frog - Who Let the Frog Out Lyrics - Statistics

General Stats
  • This quiz has been taken 10 times
  • The average score is 255 of 405
Answer Stats
Lyric % Correct
Frog
100%
Let
100%
Out
100%
The
100%
Who
100%
Me
80%
A
60%
And
60%
Crazy
60%
Down
60%
He
60%
Hear
60%
I
60%
No
60%
Oh
60%
Up
60%
Was
60%
All
40%
Aye-oh
40%
Ball
40%
Bop
40%
Everybody
40%
Having
40%
It’s
40%
Jumpin’
40%
Nice
40%
Party
40%
Pumpin’
40%
That
40%
Think
40%
Wall
40%
Well
40%
Won’t
40%
Yippee
40%
Alone
20%
Aye-oh
20%
Froggy
20%
Leave
20%
Now
20%
Off
20%
Bor
0%
Chick
0%
Choo
0%
No matching quizzes found
Score Distribution
Percent of People with Each Score
Percentile by Number Answered
Your Score History
You have not taken this quiz